00634 a2200169 4500001000500000005001700005008004100022003001500063040004000078080004200118245009300160264004700253300000900300505011800309041000800427100002900435386120260407155431.0260407a1951 arg spa dAR-UNSa-BCEJYS aAR-UNSa-BCEJYSbspacAR-UNSa-BCEJYS a(038)657xDiccionario de Contabilidad10aDiccionario de contabilidad, organización, administración, control y ciencias afines 1aBuenos Aires :bSelección Contablec1951 a7 v. aVol. I: A-ASAM Vol. III: BAL Vol. IV: CAB-CONS Vol. VII: CRED-EXTR Vol. IX: G-IZQ Vol. XI: M-O Vol. XIII: Q-R-S-T aspa1 aSeoane, Joaquín Raúl